• 首页
  • 本馆介绍
  • 公告通知
  • 最新文献
  • 馆藏检索
  • 电子资源
  • 读者导购
  • 参考咨询
  • 我的图书馆
  • 登录
  • 详细信息显示
  • 放入我的书架
  • 预约/预借图书
  • 作者相关作品
  • 分类相关作品
  • 丛书相关作品
  • 出版社相关作品

书目信息

  • 表格格式
  • 工作单格式
  • 卡片格式
题名:
艺林名著丛刊
    
 
作者: 包世臣 著
分册:  
出版信息: 北京   中国书店  1983.03
页数: 354页
开本: 20cm
丛书名:
单 册:
中图分类: I0
科图分类:
主题词: 文学理论
电子资源:
ISBN:
000 00534nam0 2200205 45
001 0309221054
005 20031219104115.1
010    @dCNY1.40
100    @a20030922d1983 km y0chiy0120 ea
101 0  @achi
105    @a z 000yy
200 1  @a艺林名著丛刊@AYi Lin Ming Zhu Cong Kan@f包世臣等著@FBao Shi Chen Deng Zhu
205    @a影印本
210    @a北京@c中国书店@d1983.03
215    @a354页@d20cm
606 0  @a文学理论
690    @aI0@v3
701  0 @a包世臣@4著
801    @aCN@bTSTC@c20030922
905    @f4@b228915-918@dI0@e148
    
    艺林名著丛刊/包世臣等著.-影印本.-北京:中国书店,1983.03
    354页;20cm
    
    
    ISBN :CNY1.40
    
●
相关链接 在E读中查询图书 在五车中查询图书 在当当中查询图书 在豆瓣中查询图书


正题名:艺林名著丛刊     索取号:I0/148         预约/预借

序号 登录号 条形码 馆藏地/架位号 状态 备注
1 0228915   001844491   密集书库/ [索取号:I0/148] 在馆    
2 0228916   001844507   密集书库/ [索取号:I0/148] 在馆    
3 0228917   001844437   密集书库/ [索取号:I0/148] 在馆    
4 0228918   001844446   密集书库/ [索取号:I0/148] 在馆    
唐山师范学院图书馆 欢迎您!
大连网信软件有限公司© 版权所有